| 000 | 00862cab a2200253 4500 | ||
|---|---|---|---|
| 001 | ABS50283 | ||
| 008 | 090401t1994 xxu||||| |||| 00| 0 eng d | ||
| 035 | _a(Sirsi) u75063 | ||
| 041 | _aeng | ||
| 100 | _aBell, S. | ||
| 245 | _aListing of post-1939 educational buildings: burden or blessing? | ||
| 260 | _c1994 | ||
| 350 | _a0 | ||
| 490 |
_aCSM (Chartered Surveyor Monthly) _v3(6) March 1994, 16-17(2) |
||
| 520 | _aDiscusses the pros and cons of listing post-1939 educational buildings highlighting professional opportunities for chartered surveyors. | ||
| 650 | _aEDUCATIONAL BUILDINGS | ||
| 650 | _aLISTED BUILDINGS | ||
| 650 |
_aRefurbishment _96264 |
||
| 650 | _aPLANNING (LISTED PLANNING AND CONSERVATION AREAS) ACT 1990 | ||
| 690 | _aBUILT ENVIRONMENT-BUILDING INSPECTION | ||
| 690 | _aCONSERVATION | ||
| 942 | _n0 | ||
| 948 | _c04/03/1997 | ||
| 999 |
_c47291 _d47291 |
||